Movies Quiz

Random Movies or Actor Quiz
Score 0/20 Timer 03:00
0 Plays Today
Question Answer Wrong Answers
I must've started off to Mardi Gras six or seven times. Never got further than the state line. (Easy Rider) Male
93.2%
Female
1.4%
I am not an animal! I am a human being! (The Elephant Man) Male
91.9%
Female
2.7%
Observe, Lord Burghley, I am married... to England. (Elizabeth) Female
90.5%
Male
5.4%
I didn't mean to cut your face. (Edward Scissorhands) Male
90.5%
Female
2.7%
Don't cry for me, Argentina. (Evita) Female
90.5%
Male
5.4%
E.T. phone home. (E.T. ...) Male
89.2%
Female
6.8%
Santa! Oh, my God! Santa’s coming! I know him! I know him! (Elf) Male
89.2%
Female
6.8%
You offended my family and you offended the shoalin temple. (Enter the Dragon) Male
87.8%
Female
8.1%
I decided on my word. 'Attraversiamo'... It means: 'Let's cross over (Eat Pray Love) Female
86.5%
Male
9.5%
Bite my ass, Krispy Kreme! (Erin Brockovich) Female
85.1%
Male
9.5%
I started piling on lie after lie. It was like setting up Jenga. (Easy A) Female
85.1%
Male
10.8%
You must be double-jointed. And you must be Hungarian. (Ed Wood) Male
78.4%
Female
17.6%
I'm stupid and I don't know what I'm talking about. (Ella Enchanted) Female
78.4%
Male
16.2%
Apology accepted, Captain Needa. (The Empire Strikes Back) Male
68.9%
Female
25.7%
You just take your pills and you'll be fine. (The Exorcist) Female
64.9%
Male
29.7%
Life goes on. It always does, until it doesn't. (Eyes Wide Shut) Male
52.7%
Female
43.2%
Pull the lever Kronk... Wrong Lever! (The Emperor's New Groove) Female
43.2%
Male
52.7%
In Heaven, everthing is fine. In Heaven, everything is fine (Eraserhead) Female
40.5%
Male
56.8%
Constantly talking isn't necessarily communicating. (Eternal Sunshine of the Spotless Mind) Male
40.5%
Female
55.4%
Someone's in my fruit cellar! (Evil Dead 2) Female
37.8%
Male
55.4%
Remove Ads.
Support Sporcle.
Get the best of Sporcle when you Go Orange. This ad-free experience offers more features, more stats, and more fun while also helping to support Sporcle. Thank you for becoming a member.

You're not logged in!

Compare scores with friends on all Sporcle quizzes.
OR
Log In

Show Comments

Extras

Top Quizzes Today


Score Distribution

Your Account Isn't Verified!

In order to create a playlist on Sporcle, you need to verify the email address you used during registration. Go to your Sporcle Settings to finish the process.

Report this User

Report this user for behavior that violates our Community Guidelines.

Details: